| 000 | 01241cam a22003015a 4500 | ||
|---|---|---|---|
| 001 | 14119295 | ||
| 005 | 20180522101753.0 | ||
| 008 | 050924t2006 enka frb 101 0 eng d | ||
| 020 | _a1845421795 | ||
| 020 | _a9781845421793 | ||
| 040 |
_aDLC _cDLC _dBAKER _dBWKUK _dYDX _dDLC _dEG-ScBUE _beng |
||
| 082 | 0 | 4 |
_222 _a650.0711 _bINT |
| 245 | 0 | 0 |
_aInternational entrepreneurship education : _bissues and newness / _cedited by Alain Fayolle, Heinz Klandt. |
| 260 |
_aCheltenham ; _aNorthampton : _bEdward Elgar Pub., _cc.2006. |
||
| 300 |
_aix, 306 p. : _bill. ; _c24 cm. |
||
| 500 | _aSelections from the proceedings of the 2003 INET conference in Grenoble. | ||
| 504 | _aIncludes bibliographical references and index. | ||
| 650 | 7 |
_aBusiness education _vCongresses. _2BUEsh |
|
| 650 | 7 |
_aBusiness education _vCross-cultural studies _vCongresses. _2BUEsh |
|
| 650 | 7 |
_aEntrepreneurship _xStudy and teaching _vCongresses. _2BUEsh |
|
| 650 | 7 |
_aEntrepreneurship _vCross-cultural studies _vCongresses. _2BUEsh |
|
| 651 | _2BUEsh | ||
| 653 |
_bGGEN _cMay2018 |
||
| 700 | 1 |
_aFayolle, Alain, _eeditor. _935713 |
|
| 700 | 1 |
_aKlandt, Heinz, _eeditor. |
|
| 856 | 4 | 1 |
_3Table of contents only _uhttp://www.loc.gov/catdir/toc/fy0702/2005052825.html |
| 942 | _2ddc | ||
| 999 |
_c26760 _d26732 |
||